| 000 | 00863nam a2200217 a 4500 | ||
|---|---|---|---|
| 001 | 13497 | ||
| 003 | CO-ViMGA | ||
| 008 | 141112s2004 ck r 000 u spa d | ||
| 020 | _a9636799 | ||
| 040 |
_aCO-ViMGA _bspa _cCO-ViMGA |
||
| 082 | 0 | 4 | _aRUBp |
| 100 | 1 |
_aRubin, Silvia.; Staszewaky, Luisa _919667 |
|
| 245 | 1 | 0 |
_aProyectos integrados : _bjuguemos en el kinder |
| 260 |
_aSantafé de Bogotá : _bCultural, _c2000 |
||
| 300 | _a3 | ||
| 505 | _a.1 : Introduccion. Yo y mi escuela. Somos asi. Nuestro vecindario. V.2 : Nos comunicamos. Heroes y superheroes. La naturaleza. V.3 : En la epoca de la Colonia. Somos astronautas. El agua. Nos despedimos del jardin. | ||
| 650 | 1 | 4 |
_aAPTITUD MOTORA EN NIÑOS - ENSEÑANZA ELEMENTAL _919668 |
| 650 | 1 | 4 |
_aeducación PREESCOLAR _915496 |
| 650 | 1 | 4 |
_aEXPRESION INFANTIL - ENSEÑANZA ELEMENTAL _919669 |
| 942 |
_2ddc _cBK |
||
| 999 |
_c24224 _d24224 |
||